00785nam a2200193 i 450000100060000000300090000600500170001500700030003200800410003510000710007624501510014724600320029825000440033026000340037430000690040865000230047770000460050085200450054671518ES-MaACL20251213063018.0t|040812s1792 sp |||| | spa d1 aGenlis, Caroline-Stéphanie-Félicité Du Crest, ccomtesse de10aAdela y Teodoro o Cartas sobre la educación / cescritos en francés por la Condesa de Genlis y en castellano por Bernardo María del Calzada.30aCartas sobre la educación a2ª edición... aumentada y corregida. aMadrid : bImp. Real, c1792. a3 v. ([4], XII, 414, [2], V, 376, [2], VI, 261 p.) ; c18 cm. 7aEducación2embne1 aCalzada, Bernardo María de, d1751-1825 aES-MaACLjR-1221-23 x Olim: G-11135-37